|
|
|
|
| LEADER |
00000nmm a22000007a 4500 |
| 001 |
000321 |
| 003 |
UAHC_CL |
| 005 |
20250729165406.0 |
| 008 |
250729s2023 cl o d 000 spa |
| 040 |
|
|
|a UAHC_CL
|c UAHC_CL
|d UAHC_CL
|
| 100 |
|
|
|a Monarez, Dennes Alexander
|9 21990
|
| 245 |
1 |
0 |
|a Productividad y bienestar :
|c Dennes Alexander Monarez, David Felipe Toro ; profesor guía Jaime Vivanco González.
|b un estudio comparado entre las políticas públicas de Chile y Noruega entre 2016 a 2022
|
| 260 |
|
|
|a Santiago, Chile :
|b Universidad Academia de Humanismo Cristiano,
|c 2023.
|
| 300 |
|
|
|a 75 páginas.
|
| 500 |
|
|
|a Tesis para optar al título de Administrador/a Público/a y al grado de Licenciado/a en Ciencias Políticas y Administrativas.
|
| 502 |
|
|
|a Tesis (Administración Pública) -- Universidad Academia de Humanismo Cristiano, 2023.
|
| 516 |
|
|
|a Tesis electrónica (PDF). Solicitar envío de documento a biblioteca@academia.cl.
|
| 520 |
|
|
|a La presente investigación pretende comparar los efectos de las políticas emanadas de las instituciones del Estado sobre la productividad por medio del análisis de su impacto en dos variables; productividad y bienestar. Realizando una comparación entre las políticas de Chile y Noruega –por sus diferencias-, y su efecto en la eficiencia de las empresas a un nivel macro y las condiciones laborales.
|
| 650 |
|
0 |
|a Productividad del trabajo
|z Chile
|9 14319
|
| 650 |
|
0 |
|a Bienestar
|9 7599
|
| 650 |
|
0 |
|a Políticas públicas
|z Chile
|9 2859
|
| 700 |
|
|
|a Toro, David Felipe
|9 21991
|
| 700 |
|
|
|a Vivanco González, Jaime
|9 1097
|e profesor guía
|
| 900 |
|
|
|a TADPU 475
|
| 942 |
|
|
|c TS
|2 ddc
|
| 952 |
|
|
|0 0
|1 0
|2 ddc
|4 0
|6 TADPU_475_000000000000000
|7 0
|9 101094
|a BC
|b BC
|c Digital
|d 2025-07-29
|l 0
|o TADPU 475
|r 2025-07-29 16:54:23
|w 2025-07-29
|y TS
|z Documento en PDF
|
| 999 |
|
|
|c 62851
|d 62851
|